| 000 | 00734cam a2200253 4500 | ||
|---|---|---|---|
| 008 | 000000n2000 000 0 eng u | ||
| 020 | _a0113221428 | ||
| 035 | _a(Sirsi) u103600 | ||
| 050 | _a333.72 | ||
| 110 |
_aNHS Estates _92893 |
||
| 245 | _aDeveloping an estate strategy : modernising the NHS. | ||
| 260 |
_aLondon _bStationery Office _c2000 |
||
| 300 | _a68p. ; 30cm. | ||
| 350 | _a35.00 | ||
| 520 | _aSuperseded by 2nd. ed. (ISBN 0113227167). | ||
| 650 | _aNATIONAL HEALTH SERVICE | ||
| 650 | _aPUBLIC PRIVATE PARTNERSHIPS | ||
| 650 | _aPRIMARY CARE TRUSTS | ||
| 650 |
_aFACILITIES MANAGEMENT _96240 |
||
| 650 | _aCOST-EFFICIENCY | ||
| 650 | _aHOSPITALS | ||
| 690 |
_aPROPERTY MANAGEMENT _96262 |
||
| 942 | _n0 | ||
| 999 |
_c100142 _d100142 |
||